[Event "MTO"]
[Site "Biel SUI"]
[Date "2010.07.19"]
[Round "1"]
[White "Riazantsev,A"]
[Black "Donchenko,Alexa"]
[Result "1-0"]
[WhiteElo "2682"]
[BlackElo "2174"]
[EventDate "2010.07.19"]

1. d4 d5 2. c4 dxc4 3. Nf3 a6 4. e3 Nf6 5. Bxc4 e6 6. O-O c5 7. Bd3 Nc6 8.
Nc3 Qc7 9. a3 cxd4 10. exd4 Be7 11. Bg5 O-O 12. Rc1 Qd6 13. Bb1 Rd8 14. Qc2
g6 15. Rfd1 Nd5 16. Ne4 Qc7 17. h4 Kg7 18. h5 Bxg5 19. Nexg5 Qf4 20. g3 Qf6
21. Qe2 Bd7 22. Kg2 Rac8 23. Qd2 Rh8 24. h6+ Kf8 25. Ne4 Qe7 26. Ba2 Nc7
27. Nc5 b6 28. Nxd7+ Qxd7 29. d5 Nxd5 30. Bxd5 exd5 31. Qc3 Ke7 32. Re1+
Kd6 33. Qf6+ Kc7 34. Ne5 1-0

[Event "MTO"]
[Site "Biel SUI"]
[Date "2010.07.19"]
[Round "1"]
[White "Schultz,R"]
[Black "Roiz,M"]
[Result "1/2-1/2"]
[WhiteElo "2173"]
[BlackElo "2645"]
[EventDate "2010.07.19"]

1. e4 c5 2. Nf3 e6 3. d3 Nc6 4. g3 g6 5. Bg2 Bg7 6. O-O Nge7 7. Re1 O-O 8.
Nbd2 d6 9. c3 b6 10. h4 h6 11. d4 cxd4 12. cxd4 e5 13. d5 Nb4 14. Qb3 Na6
15. Qa3 f5 16. b4 Nc7 17. Bb2 Bb7 18. Rad1 Qd7 19. Nc4 fxe4 20. Nfxe5 dxe5
21. d6 Nb5 1/2-1/2

[Event "MTO"]
[Site "Biel SUI"]
[Date "2010.07.19"]
[Round "1"]
[White "Lysyj,I"]
[Black "Astengo,C"]
[Result "1-0"]
[WhiteElo "2631"]
[BlackElo "2170"]
[EventDate "2010.07.19"]

1. d4 d5 2. c4 e6 3. Nf3 c6 4. Nbd2 Nf6 5. e3 Nbd7 6. b3 Be7 7. Bb2 b6 8.
Bd3 Bb7 9. O-O O-O 10. Qe2 c5 11. Rfd1 Qc7 12. cxd5 exd5 13. Rac1 Rfe8 14.
Ne5 Nxe5 15. dxe5 Ne4 16. Nxe4 dxe4 17. Bc4 Bf8 18. Qg4 Rad8 19. Rxd8 Rxd8
20. e6 Bd5 21. Bf6 1-0

[Event "MTO"]
[Site "Biel SUI"]
[Date "2010.07.19"]
[Round "1"]
[White "Efroimski,M"]
[Black "Kritz,L"]
[Result "0-1"]
[WhiteElo "2169"]
[BlackElo "2618"]
[EventDate "2010.07.19"]

1. e4 e5 2. Nf3 Nc6 3. Bc4 Bc5 4. c3 Nf6 5. d3 a6 6. Bb3 Ba7 7. Nbd2 O-O 8.
O-O d6 9. h3 Be6 10. Nc4 Bxc4 11. Bxc4 Na5 12. Bb3 Nxb3 13. Qxb3 Rb8 14.
Re1 Re8 15. Be3 Bxe3 16. Rxe3 c5 17. Rae1 b5 18. a4 Qa5 19. axb5 axb5 20.
Nh4 g6 21. Rf1 Re6 22. Kh2 Qc7 23. g3 c4 24. Qd1 d5 25. dxc4 dxc4 26. Ng2
Rd8 27. Qf3 Qc6 28. Rfe1 Kf8 29. R1e2 Rd1 30. Ne1 Red6 31. Nc2 Qa8 32. Re1
Rxe1 33. Rxe1 Qa2 34. Nb4 Qxb2 35. Qe3 Qd2 36. Kg2 Qxe3 37. Rxe3 Rd2 38.
Kf3 Rb2 39. Re2 Rxe2 40. Kxe2 Nxe4 41. Nd5 f6 42. Ke3 Nd6 43. f4 Kf7 44. g4
Ne8 45. g5 exf4+ 46. Kxf4 Ke6 47. gxf6 Kxd5 48. f7 Nc7 0-1

[Event "MTO"]
[Site "Biel SUI"]
[Date "2010.07.19"]
[Round "1"]
[White "Bauer,Ch"]
[Black "Codenotti,M"]
[Result "1-0"]
[WhiteElo "2612"]
[BlackElo "2169"]
[EventDate "2010.07.19"]

1. d4 Nf6 2. Nf3 g6 3. Bf4 Bg7 4. e3 O-O 5. Be2 d6 6. h3 Nc6 7. c3 Nd7 8.
O-O e5 9. Bh2 f5 10. b4 Qe7 11. b5 Nd8 12. c4 c6 13. Nc3 Nf7 14. Rb1 Nf6
15. bxc6 bxc6 16. c5 dxc5 17. Nxe5 cxd4 18. exd4 Nxe5 19. dxe5 Nd7 20. Nd5
Qd8 21. e6 cxd5 22. exd7 Bxd7 23. Qxd5+ Kh8 24. Qb7 Qc8 25. Qb4 Qc3 26. Qd6
Rad8 27. Rfd1 Qf6 28. Qc7 Be6 29. Rxd8 Qxd8 30. a4 Qxc7 31. Bxc7 Bd5 32.
Bf4 Bf6 33. Be3 Rf7 34. Rb5 Bc6 35. Ra5 Kg7 36. Ra6 Be8 37. Bb5 Bxb5 38.
axb5 f4 39. Bc5 Be5 40. Rxa7 Bb8 41. Bd4+ Kg8 42. Ra8 Rf8 1-0

[Event "MTO"]
[Site "Biel SUI"]
[Date "2010.07.19"]
[Round "1"]
[White "Holzhauer,B"]
[Black "Feller,S"]
[Result "0-1"]
[WhiteElo "2162"]
[BlackElo "2611"]
[EventDate "2010.07.19"]

1. d4 Nf6 2. c4 g6 3. Nc3 d5 4. Nf3 Bg7 5. Bg5 dxc4 6. e4 c5 7. d5 b5 8. e5
b4 9. exf6 exf6 10. Be3 bxc3 11. bxc3 f5 12. Qa4+ Nd7 13. Qxc4 O-O 14. Be2
Nb6 15. Qxc5 Na4 16. Qc4 Bxc3+ 17. Nd2 Bxa1 18. Qxa4 Bb7 19. O-O Bg7 20.
Rd1 Re8 21. Bf3 g5 22. g3 Bxd5 23. Nc4 Bxf3 24. Rxd8 Raxd8 25. Nd2 Rxe3 26.
fxe3 Rxd2 27. Qxa7 Be4 28. Qe7 h6 29. a4 Rg2+ 30. Kf1 Rxh2 31. a5 Ra2 32.
Qc7 g4 33. Qd8+ Kh7 34. Qc7 Kg6 35. Qd8 Bf3 36. Qe8 h5 37. Qd8 Bg2+ 38. Kg1
Bh3 39. Qb8 Ra1+ 40. Kh2 f4 41. Qb6+ Bf6 42. exf4 Kg7 43. a6 h4 44. Qb3
hxg3+ 45. Kxg3 Rxa6 46. Qd5 Ra3+ 47. Kh2 Rf3 48. Qd2 Bf1 49. Kg1 g3 0-1

[Event "MTO"]
[Site "Biel SUI"]
[Date "2010.07.19"]
[Round "1"]
[White "Mikhalevski,V"]
[Black "Muheim,Sebastian"]
[Result "1-0"]
[WhiteElo "2610"]
[BlackElo "2160"]
[EventDate "2010.07.19"]

1. d4 Nf6 2. c4 e6 3. g3 Bb4+ 4. Bd2 Qe7 5. Nf3 O-O 6. Nc3 d6 7. a3 Bxc3 8.
Bxc3 Ne4 9. Qc2 Nxc3 10. Qxc3 Nd7 11. Bg2 e5 12. O-O Re8 13. e4 Nf6 14.
Rfe1 Bg4 15. Nd2 c5 16. d5 Nh5 17. b4 b6 18. Rab1 cxb4 19. axb4 Rec8 20. f4
exf4 21. e5 fxg3 22. hxg3 f5 23. Rb3 f4 24. Qd4 Nxg3 25. Rxg3 fxg3 26. Qxg4
dxe5 27. Qe6+ Qxe6 28. dxe6 Rab8 29. Rxe5 a5 30. e7 Kf7 31. Bd5+ Kf6 32.
Re6+ Kf5 33. Ne4 axb4 34. Nd6+ Kg4 35. Nxc8 1-0

[Event "MTO"]
[Site "Biel SUI"]
[Date "2010.07.19"]
[Round "1"]
[White "Golod,V"]
[Black "Meyer,B"]
[Result "1-0"]
[WhiteElo "2585"]
[BlackElo "2154"]
[EventDate "2010.07.19"]

1. d4 Nf6 2. c4 e6 3. Nc3 d5 4. cxd5 exd5 5. Bg5 Be7 6. e3 c6 7. Bd3 Nbd7
8. Qc2 O-O 9. Nf3 Re8 10. h3 Nf8 11. O-O Ng6 12. Ne5 Nh5 13. Bxe7 Qxe7 14.
f4 f5 15. Ne2 Rf8 16. g4 fxg4 17. hxg4 Nxe5 18. dxe5 Bxg4 19. Bxh7+ Kh8 20.
Bg6 Qh4 21. Rf2 Kg8 22. Rh2 Bh3 23. Bh7+ Kh8 24. Qg6 d4 25. Qg2 Bxg2 26.
Rxh4 Bf3 27. Nxd4 g5 28. Rh2 Kxh7 29. Nxf3 Kg6 30. Rg2 Nxf4 1-0

[Event "MTO"]
[Site "Biel SUI"]
[Date "2010.07.19"]
[Round "1"]
[White "Blaeser,R"]
[Black "Gleizerov,E"]
[Result "0-1"]
[WhiteElo "2147"]
[BlackElo "2573"]
[EventDate "2010.07.19"]

1. d4 e6 2. Nf3 f5 3. Bf4 Nf6 4. e3 g6 5. c4 Bg7 6. Nc3 d6 7. h3 O-O 8. Be2
Qe7 9. Qc2 Nc6 10. O-O e5 11. Bg5 Qf7 12. Bxf6 Bxf6 13. d5 Ne7 14. Nb5 Bd7
15. Qb3 Rfc8 16. Rfd1 b6 17. Rac1 g5 18. Nh2 h5 19. Qc2 Kg7 20. g4 hxg4 21.
hxg4 a6 22. Nc3 Rh8 23. Kg2 Rh4 24. Rh1 Rah8 25. Qd1 e4 0-1

[Event "MTO"]
[Site "Biel SUI"]
[Date "2010.07.19"]
[Round "1"]
[White "Grandadam,N"]
[Black "Kosintseva,N"]
[Result "0-1"]
[WhiteElo "2249"]
[BlackElo "2551"]
[EventDate "2010.07.19"]

1. Nf3 d5 2. d4 Nf6 3. c4 e6 4. Nc3 Bb4 5. cxd5 exd5 6. Qa4+ Nc6 7. Bg5 h6
8. Bh4 g5 9. Bg3 Ne4 10. Rc1 h5 11. Ne5 Bd7 12. Qb3 Bxc3+ 13. bxc3 Bc8 14.
Qa4 Qf6 15. Qb5 h4 16. Qxd5 hxg3 17. Qxe4 Qxf2+ 18. Kd2 Bf5 19. Qd5 Be6 20.
Qb5 Rxh2 21. Qxb7 Nxe5 22. Qxa8+ Ke7 23. dxe5 Rxh1 24. Qf3 Qxf3 25. exf3
Bxa2 26. Re1 Be6 27. Bd3 Rxe1 28. Kxe1 Bd5 29. c4 Bc6 30. Bf5 Bd7 31. Be4
Ke6 32. Bd5+ Kxe5 33. Bxf7 c5 34. Ke2 Kd4 35. Bg6 Be6 0-1

[Event "MTO"]
[Site "Biel SUI"]
[Date "2010.07.19"]
[Round "1"]
[White "Ulibin,M"]
[Black "Stull,N"]
[Result "1-0"]
[WhiteElo "2540"]
[BlackElo "2144"]
[EventDate "2010.07.19"]

1. e4 Nf6 2. e5 Nd5 3. d4 d6 4. Nf3 dxe5 5. Nxe5 c6 6. Bc4 g6 7. O-O Bg7 8.
Re1 O-O 9. Bb3 Nd7 10. Nf3 N7f6 11. Bg5 Bg4 12. Nbd2 a5 13. a3 a4 14. Ba2
b5 15. h3 Bxf3 16. Nxf3 Qd6 17. Qe2 Rfe8 18. c4 bxc4 19. Qxc4 Nd7 20. Rac1
e5 21. Qxc6 Qxc6 22. Rxc6 Nf4 23. Rc7 Nd3 24. Re3 Rac8 25. Rxd7 Rc1+ 26.
Kh2 Nxf2 27. Bxf7+ Kh8 28. dxe5 1-0

[Event "MTO"]
[Site "Biel SUI"]
[Date "2010.07.19"]
[Round "1"]
[White "Schiendorfer,F"]
[Black "Pavlovic,Milos"]
[Result "0-1"]
[WhiteElo "2141"]
[BlackElo "2534"]
[EventDate "2010.07.19"]

1. Nf3 Nf6 2. c4 e6 3. g3 b6 4. Bg2 Bb7 5. O-O c5 6. b3 Be7 7. Bb2 O-O 8.
Nc3 a6 9. d4 cxd4 10. Nxd4 Bxg2 11. Kxg2 Qc8 12. e4 d6 13. f4 Ra7 14. Qf3
Rc7 15. Rac1 Nbd7 16. g4 g6 17. Nde2 Qb7 18. g5 Ne8 19. Ng3 b5 20. cxb5
axb5 21. h4 Ng7 22. Nce2 f6 23. Rxc7 Qxc7 24. Rc1 Qb7 25. Qc3 Nc5 26. Kh2
e5 27. b4 Na4 28. Qb3+ Kh8 29. gxf6 Bxf6 30. fxe5 dxe5 31. Rf1 Qe7 32. Ba1
Nb6 33. Qe3 Nc4 34. Qc5 0-1

[Event "MTO"]
[Site "Biel SUI"]
[Date "2010.07.19"]
[Round "1"]
[White "Hauchard,A"]
[Black "Lipecki,A"]
[Result "1-0"]
[WhiteElo "2526"]
[BlackElo "2140"]
[EventDate "2010.07.19"]

1. c4 e5 2. Nc3 Bb4 3. Nd5 Be7 4. d4 d6 5. Nf3 Nc6 6. Nxe7 Qxe7 7. d5 Nd8
8. e4 f5 9. exf5 Bxf5 10. Be2 Nf7 11. O-O Ngh6 12. Qa4+ Qd7 13. Qb3 c5 14.
dxc6 bxc6 15. Bxh6 Nxh6 16. c5 e4 17. Nd4 d5 18. Qa4 Rc8 19. Ba6 O-O 20.
Bxc8 Rxc8 21. f3 Bg6 22. Rae1 Nf7 23. f4 Nh6 24. h3 Rc7 25. b4 Nf5 26. Qd1
Ng3 27. Rf2 h5 28. Kh2 h4 29. Qg4 Nf5 30. Rd2 e3 31. Qxg6 Ne7 32. Qd6 exd2
33. Rd1 Qc8 34. Rxd2 Rb7 35. b5 Qe8 36. Re2 Qg6 37. Rxe7 Qg3+ 38. Kh1 Rxe7
39. Qxe7 Qf2 40. Nf3 Qf1+ 41. Kh2 Qxb5 42. Ng5 1-0

[Event "MTO"]
[Site "Biel SUI"]
[Date "2010.07.19"]
[Round "1"]
[White "Perruchoud,B"]
[Black "Cebalo,M"]
[Result "0-1"]
[WhiteElo "2140"]
[BlackElo "2500"]
[EventDate "2010.07.19"]

1. e4 c5 2. Nf3 d6 3. d4 cxd4 4. Qxd4 a6 5. Nc3 Nc6 6. Qd1 g6 7. Be3 Nf6 8.
Nd4 Bg7 9. Be2 O-O 10. O-O Bd7 11. Nb3 b5 12. a3 Be6 13. f4 Rc8 14. Nd4
Nxd4 15. Bxd4 Bc4 16. b3 Bxe2 17. Qxe2 Qc7 18. Rf3 Qb7 19. Rd1 Rfd8 20.
Bxf6 Bxf6 21. Nd5 Bg7 22. f5 e6 23. fxg6 fxg6 24. Nf6+ Kh8 25. Rdf1 Rf8 26.
Qf2 Qe7 27. Qh4 h6 28. g4 Rc5 29. Qf2 Re5 30. Qe3 Rxf6 31. Rxf6 Bxf6 32.
Qxh6+ Kg8 33. Qxg6+ Bg7 34. h4 Qxh4 35. Rf7 Qh6 36. Qxh6 Bxh6 37. Rd7 Bf8
38. Ra7 Rxe4 39. Rxa6 Rxg4+ 40. Kf2 Kf7 41. Ra5 Rg5 42. Ke2 Rc5 43. Kd3 Bg7
44. Ra6 Be5 45. c4 bxc4+ 46. bxc4 Kf6 47. a4 Kf5 48. Ra8 d5 49. cxd5 Rc3+
50. Kd2 exd5 51. a5 Ra3 52. a6 Bd4 53. Rf8+ Ke4 54. Re8+ Be5 55. Ra8 Ra2+
56. Kc1 Kd3 0-1

[Event "MTO"]
[Site "Biel SUI"]
[Date "2010.07.19"]
[Round "1"]
[White "Al Sayed,Mohammed"]
[Black "Duport,N SUI"]
[Result "1-0"]
[WhiteElo "2498"]
[BlackElo "2128"]
[EventDate "2010.07.19"]

1. d4 Nf6 2. c4 g6 3. Nc3 d5 4. Bg5 Ne4 5. Bh4 Nxc3 6. bxc3 dxc4 7. e3 Be6
8. Nf3 Bg7 9. Be2 Nd7 10. O-O Nb6 11. a4 a5 12. Nd2 O-O 13. Bf3 Bd5 14.
Bxd5 Nxd5 15. Qc2 Nb6 16. Rfb1 Qd7 17. Qa2 e5 18. Nxc4 Nxc4 19. Qxc4 b6 20.
Rd1 Qg4 21. Be7 Rfc8 22. Qc6 Re8 23. Rac1 Rac8 24. h3 Qe2 25. Bh4 Qa6 26.
d5 Qa8 27. Qd7 Qb8 28. c4 f6 29. c5 Rcd8 30. Qc6 g5 31. Bg3 f5 32. d6 cxd6
33. cxb6 f4 34. Bh2 Kh8 35. e4 Bf6 36. f3 Rc8 37. Qb5 Rxc1 38. Rxc1 Rc8 39.
Rxc8+ Qxc8 40. Kh1 Qc1+ 41. Bg1 1-0

[Event "MTO"]
[Site "Biel SUI"]
[Date "2010.07.19"]
[Round "1"]
[White "Bellahcene,B"]
[Black "Bok,B"]
[Result "0-1"]
[WhiteElo "2126"]
[BlackElo "2449"]
[EventDate "2010.07.19"]

1. e4 e5 2. Nf3 Nc6 3. Bb5 a6 4. Ba4 Nf6 5. O-O b5 6. Bb3 Bc5 7. c3 d6 8.
d4 Bb6 9. a4 Bg4 10. d5 Ne7 11. h3 Bd7 12. Qe2 O-O 13. Bg5 Ng6 14. axb5 h6
15. Be3 Bxe3 16. Qxe3 axb5 17. Nbd2 Nh7 18. Bc2 Qf6 19. Kh2 Nf4 20. Ng1 c6
21. g3 Ng6 22. Ra7 Rxa7 23. Qxa7 Qd8 24. c4 bxc4 25. Ba4 Ne7 26. Rc1 Nf6
27. dxc6 Nxc6 28. Bxc6 Bxc6 29. Rxc4 Ba8 30. Qe3 d5 31. exd5 Qxd5 32. Ngf3
e4 33. Nd4 Rd8 34. N2b3 Qxc4 0-1

[Event "MTO"]
[Site "Biel SUI"]
[Date "2010.07.19"]
[Round "1"]
[White "Kaplan,S"]
[Black "Mikic,N"]
[Result "1-0"]
[WhiteElo "2422"]
[BlackElo "2122"]
[EventDate "2010.07.19"]

1. e4 c5 2. Nf3 Nc6 3. d4 cxd4 4. Nxd4 g6 5. Be2 Bg7 6. Nb3 Nf6 7. Nc3 O-O
8. O-O a5 9. a4 Nb4 10. Be3 d5 11. exd5 Nfxd5 12. Nxd5 Qxd5 13. c3 Qxd1 14.
Raxd1 Nc6 15. Bb6 Bf5 16. Nc5 h5 17. Rfe1 e5 18. Bf3 Bc8 19. Rd6 Ne7 20.
Red1 f5 21. Ne6 Bxe6 22. Rxe6 Kf7 23. Red6 e4 24. Be2 Rfb8 25. Rd7 Bf8 26.
Bc4+ Ke8 27. Bb5 Kf7 28. h4 Kf6 29. Bc4 f4 30. R7d6+ Kg7 31. Bd4+ Kh6 32.
Bf6 1-0

[Event "MTO"]
[Site "Biel SUI"]
[Date "2010.07.19"]
[Round "1"]
[White "Petermann,M"]
[Black "Filipovic,Br"]
[Result "0-1"]
[WhiteElo "2122"]
[BlackElo "2415"]
[EventDate "2010.07.19"]

1. e4 b6 2. Nc3 Bb7 3. Bc4 e6 4. Qe2 Ne7 5. d3 d5 6. Bb3 Na6 7. a3 Nc5 8.
Ba2 dxe4 9. dxe4 Ng6 10. Bd2 Qf6 11. f3 Nf4 12. Bxf4 Qxf4 13. Nh3 Qh4+ 14.
Qf2 Qh6 15. Qd2 Qxd2+ 16. Kxd2 g6 17. Rhe1 O-O-O+ 18. Ke3 Bh6+ 19. Kf2 Rd2+
20. Re2 Rhd8 21. b4 Bg7 22. bxc5 Bxc3 23. Rae1 Ba6 24. Rxd2 Rxd2+ 25. Kg1
Rxc2 26. Bb1 Rb2 27. Rd1 Be2 0-1

[Event "MTO"]
[Site "Biel SUI"]
[Date "2010.07.20"]
[Round "2"]
[White "Onoprienko,V"]
[Black "Riazantsev,A"]
[Result "0-1"]
[WhiteElo "2343"]
[BlackElo "2682"]
[EventDate "2010.07.19"]

1. e4 e6 2. d4 d5 3. Nc3 Bb4 4. exd5 exd5 5. Qf3 Qe7+ 6. Nge2 Nc6 7. Be3
Nf6 8. h3 Ne4 9. O-O-O Bxc3 10. Nxc3 Nxc3 11. bxc3 Be6 12. Bd3 O-O-O 13.
Rhe1 Na5 14. Kd2 Qa3 15. Ra1 Rd6 16. Bf4 Rc6 17. Ke2 Qxc3 18. Bd2 Qa3 19.
Bb5 Qxf3+ 20. Kxf3 Rb6 21. a4 Nc4 22. Bc3 a6 23. Bxc4 dxc4 24. Re5 Rd8 25.
g4 f6 26. Re3 Re8 27. Kg3 Bf7 28. Rae1 Kd7 29. f4 Rxe3+ 30. Rxe3 Rb1 31.
Re1 Rxe1 32. Bxe1 Bd5 33. Bb4 b6 34. a5 Kc6 35. f5 Kb5 36. c3 c5 37. dxc5
bxa5 38. Ba3 Ka4 0-1

[Event "MTO"]
[Site "Biel SUI"]
[Date "2010.07.20"]
[Round "2"]
[White "Giffard,N"]
[Black "Lysyj,I"]
[Result "0-1"]
[WhiteElo "2335"]
[BlackElo "2631"]
[EventDate "2010.07.19"]

1. d4 e6 2. c4 Nf6 3. a3 c5 4. Nf3 cxd4 5. Nxd4 a6 6. Nc3 b6 7. e4 Qc7 8.
Be2 Bb7 9. f3 Be7 10. Be3 d6 11. Rc1 O-O 12. O-O Nbd7 13. b4 Rac8 14. Nb3
Qb8 15. Kh1 Bd8 16. Nd2 Bc7 17. Bg1 Qa8 18. Re1 Rfd8 19. Qb3 Nf8 20. Na4
N6d7 21. Nc3 Ng6 22. Bf1 h5 23. Be3 h4 24. h3 Re8 25. Bf2 Qb8 26. Red1 Red8
27. Be3 Re8 28. Bf2 Rcd8 29. Bd3 Nf6 30. Nf1 Nh5 31. Bb1 Nhf4 32. Ne3 Rc8
33. Qa2 Qa8 34. Qd2 Qb8 35. Qe1 Bd8 36. Qf1 Nh5 37. Qe1 Bg5 38. Ba2 Ng3+
39. Kg1 Kh7 40. Rc2 Nh5 41. Qf1 Ba8 42. a4 Bb7 43. Bb3 Qc7 44. Ra1 Qe7 45.
Rb1 Ng3 46. Qd1 Ne5 47. Ne2 f5 48. f4 Nxe2+ 49. Qxe2 Bxf4 50. Qh5+ Bh6 51.
exf5 Be4 52. Ng4 Nxg4 53. hxg4 exf5 54. Bxh4 g6 55. Qxh6+ Kxh6 56. Bxe7
Bxc2 57. Bxc2 Rxe7 58. gxf5 Rxc4 59. Bd3 Rd4 60. Bxa6 gxf5 61. Bb5 Re5 62.
Rc1 Kg5 63. Rc6 Kg4 64. Rxb6 Kg3 65. Rc6 Re1+ 66. Bf1 Rf4 67. Rc3+ Kg4 68.
Rf3 Rxf3 69. gxf3+ Kxf3 70. a5 Kg3 0-1

[Event "MTO"]
[Site "Biel SUI"]
[Date "2010.07.20"]
[Round "2"]
[White "Kritz,L"]
[Black "Meier,V"]
[Result "1-0"]
[WhiteElo "2618"]
[BlackElo "2304"]
[EventDate "2010.07.19"]

1. e4 e5 2. Nf3 Nc6 3. Bb5 Nf6 4. d3 d6 5. O-O g6 6. d4 exd4 7. Re1 Bg7 8.
Nxd4 Bd7 9. e5 dxe5 10. Nxc6 Bxc6 11. Bxc6+ bxc6 12. Rxe5+ Kf8 13. Re1 Qxd1
14. Rxd1 Nd5 15. Na3 Rb8 16. c3 Ke7 17. Nc4 Rb5 18. Bg5+ Ke6 19. Rd3 Rhb8
20. Re1+ Kf5 21. h4 h6 22. Rf3+ Kg4 23. Re4+ 1-0

[Event "MTO"]
[Site "Biel SUI"]
[Date "2010.07.20"]
[Round "2"]
[White "Feller,S"]
[Black "Lehmann,Marc"]
[Result "1-0"]
[WhiteElo "2611"]
[BlackElo "2302"]
[EventDate "2010.07.19"]

1. d4 Nf6 2. c4 g6 3. Nc3 Bg7 4. e4 d6 5. Nf3 O-O 6. Be2 e5 7. O-O Na6 8.
Rb1 c6 9. Re1 exd4 10. Nxd4 Re8 11. f3 d5 12. cxd5 cxd5 13. Bb5 Bd7 14. e5
Nc7 15. exf6 Rxe1+ 16. Qxe1 Bxf6 17. Be3 Bxd4 18. Bxd4 Bxb5 19. Qe5 f6 20.
Qe3 Qd6 21. Bxa7 Bc6 22. Bc5 Qe6 23. Qf4 Qf7 24. Bd4 Ne6 25. Qxf6 Qxf6 26.
Bxf6 Kf7 27. Be5 d4 28. Ne2 Bb5 29. Nxd4 Nxd4 30. Bxd4 Rxa2 31. Bc3 Ra6 32.
Rd1 Re6 33. Rd5 Bc6 34. Rd2 g5 35. Kf2 h5 36. Rd4 Rg6 37. h3 g4 38. Rf4+
Kg8 39. fxg4 hxg4 40. hxg4 Re6 41. g5 Re4 42. Rf6 Rg4 43. Rg6+ Kf7 44. Rg7+
Ke6 45. g3 Kf5 46. Bd2 Rd4 47. Rf7+ Kg4 48. Bf4 Be4 49. Rf6 Rd7 50. g6 1-0

[Event "MTO"]
[Site "Biel SUI"]
[Date "2010.07.20"]
[Round "2"]
[White "Ootes,La"]
[Black "Mikhalevski,V"]
[Result "0-1"]
[WhiteElo "2315"]
[BlackElo "2610"]
[EventDate "2010.07.19"]

1. e4 e5 2. Nf3 Nc6 3. Bb5 a6 4. Ba4 Nf6 5. O-O Be7 6. Re1 b5 7. Bb3 d6 8.
c3 O-O 9. d4 Bg4 10. Be3 Bd7 11. Bc2 Ng4 12. Bc1 Bh4 13. g3 Be7 14. h3 Nf6
15. Kh2 Re8 16. Be3 Bf8 17. Nbd2 g6 18. Ng1 Nh5 19. Ndf3 Bg7 20. Qd2 Qe7
21. Nh4 Nf6 22. f3 d5 23. Bg5 dxe4 24. d5 e3 25. Bxe3 Na5 26. b3 Qd6 27.
Rad1 Nh5 28. Qf2 f5 29. Bc5 Qf6 30. Ng2 Nb7 31. Ba3 Nd6 32. Ne2 Qf7 33. Bc5
Nf6 34. Bxd6 cxd6 35. c4 Rec8 36. Ne3 Nh5 37. f4 Re8 38. Ng2 bxc4 39. bxc4
Rac8 40. Bb3 a5 41. Rc1 a4 42. Bd1 Nf6 43. Qf1 Ne4 44. Ng1 g5 45. fxe5 Bxe5
46. Rxe4 Bxg3+ 47. Kxg3 Rxe4 48. Kh2 Qf6 49. Bf3 Rd4 50. Rc2 f4 51. Qe2 Bf5
52. Rc3 Kf8 53. Bh5 Re4 54. Qd2 Rexc4 55. Rxc4 Rxc4 56. Qe2 Rb4 57. Qe8+
Kg7 58. Bf3 Rc4 59. Qb5 Rd4 60. Qb7+ Kh6 61. Qb2 Kg6 62. Qb8 a3 63. Qa8 Rd3
64. Be2 Rc3 65. Bf3 Kh6 66. Qa6 Bxh3 67. Nxh3 Rxf3 68. Qe2 Rxh3+ 69. Kxh3
f3 70. Qe1 0-1

[Event "MTO"]
[Site "Biel SUI"]
[Date "2010.07.20"]
[Round "2"]
[White "Pelletier,Y"]
[Black "Eichhorn,An"]
[Result "1-0"]
[WhiteElo "2589"]
[BlackElo "2294"]
[EventDate "2010.07.19"]

1. d4 e6 2. Nf3 f5 3. g3 Nf6 4. Bg2 d5 5. O-O Bd6 6. c4 c6 7. Nc3 O-O 8.
Qc2 Nbd7 9. cxd5 Nxd5 10. e4 Nxc3 11. bxc3 fxe4 12. Qxe4 Nf6 13. Qc2 Qa5
14. Nd2 e5 15. Qb3+ Rf7 16. Nc4 Qc7 17. Nxd6 Qxd6 18. Ba3 Qe6 19. dxe5 Ng4
20. Rad1 Qe8 21. Bd6 Be6 22. Qa4 Nh6 23. Rfe1 Rd7 24. Bc5 Rxd1 25. Rxd1 Qh5
26. Re1 Nf7 27. h4 Qg6 28. Qb4 b6 29. Bd6 Nd8 30. Be4 Qf7 31. Re3 Qd7 32.
c4 Nf7 33. c5 b5 34. a4 a6 35. Ra3 Rc8 36. axb5 axb5 37. Qb1 h6 38. Qa1 Bf5
39. Ra7 Qe6 40. Re7 Qg6 41. Bxf5 Qxf5 42. e6 1-0

[Event "MTO"]
[Site "Biel SUI"]
[Date "2010.07.20"]
[Round "2"]
[White "Kamber,B"]
[Black "Golod,V"]
[Result "1/2-1/2"]
[WhiteElo "2302"]
[BlackElo "2585"]
[EventDate "2010.07.19"]

1. e4 c5 2. Nf3 e6 3. c4 Nc6 4. Nc3 Nge7 5. d4 Nxd4 6. Nxd4 cxd4 7. Qxd4
Nc6 8. Qe3 b6 9. Bd3 Bc5 10. Qg3 O-O 11. O-O f6 12. Be3 Qe7 13. Rfe1 Nb4
14. Rad1 Bb7 15. Bb1 Rfd8 16. e5 Bxe3 17. Qxe3 Rac8 18. Nb5 Nc6 19. Nd6 Rb8
20. Be4 Ba8 21. Qh3 g6 22. Qh4 Nxe5 23. Bxa8 g5 24. Qg3 Rxa8 25. h4 Ng6 26.
hxg5 fxg5 27. Ne4 h6 28. Qc3 Rf8 29. Qd4 Rf7 30. g3 Raf8 31. a4 Qb4 32. Kg2
Qxa4 33. Rh1 Qc6 34. Rxh6 e5 35. Qd5 Nh4+ 36. gxh4 Qxh6 37. Nxg5 Qxh4 38.
Nxf7 Rxf7 39. f3 e4 40. Rf1 Qf4 41. Qa8+ Kg7 42. Qxe4 Qxe4 43. fxe4 Rxf1
44. Kxf1 Kf6 45. Kf2 Ke5 46. Ke3 a5 47. b3 Ke6 48. Kd3 Kd6 49. Kd4 Kc6 50.
e5 Kb7 51. Kd5 Kc7 52. Ke4 Kc6 53. Kd4 b5 54. cxb5+ Kxb5 55. Kd5 Kb4 56.
Kd6 Kxb3 57. Kxd7 a4 58. e6 a3 59. e7 a2 60. e8=Q a1=Q 1/2-1/2

[Event "MTO"]
[Site "Biel SUI"]
[Date "2010.07.20"]
[Round "2"]
[White "Gleizerov,E"]
[Black "Borne,N"]
[Result "1-0"]
[WhiteElo "2573"]
[BlackElo "2284"]
[EventDate "2010.07.19"]

1. d4 Nf6 2. c4 e6 3. g3 Bb4+ 4. Bd2 Qe7 5. Bg2 Nc6 6. Nf3 Bxd2+ 7. Nbxd2
d6 8. Nf1 O-O 9. Ne3 a5 10. O-O Nb8 11. Rc1 Nbd7 12. Qc2 Ra6 13. Nd1 c5 14.
Nc3 cxd4 15. Nxd4 Nc5 16. Rfd1 Rd8 17. b3 g6 18. Ndb5 Bd7 19. Rd2 Bc6 20.
Rcd1 Bxg2 21. Kxg2 Rc6 22. e4 Rd7 23. f3 Ne8 24. Rd4 f5 25. Qe2 e5 26. R4d2
Nf6 27. exf5 gxf5 28. Nd5 Nxd5 29. Rxd5 b6 30. Re1 Rc8 31. Qd2 Nb7 32.
Rexe5 1-0

[Event "MTO"]
[Site "Biel SUI"]
[Date "2010.07.20"]
[Round "2"]
[White "Kelecevic,N"]
[Black "Maze,S"]
[Result "1/2-1/2"]
[WhiteElo "2294"]
[BlackElo "2573"]
[EventDate "2010.07.19"]

1. d4 Nf6 2. c4 g6 3. Nc3 Bg7 4. e4 d6 5. Be2 O-O 6. Bg5 Qe8 7. e5 dxe5 8.
dxe5 Nfd7 9. Nd5 Nxe5 10. Nxe7+ Kh8 11. Nxc8 Qxc8 12. Qc2 Nbc6 13. O-O-O
Nb4 14. Qb3 c5 15. Nf3 Ng4 16. a3 Re8 17. Rhe1 Nc6 18. Bh4 a5 19. h3 a4 20.
Qd3 Nge5 21. Nxe5 Nxe5 22. Qc2 Nc6 23. Bf3 Nd4 24. Rxe8+ Qxe8 25. Qe4 Qxe4
26. Bxe4 Re8 27. Bd3 f5 28. Bg5 Kg8 29. Be3 Kf7 30. Bc2 Ra8 31. Re1 Ne6 32.
g4 f4 33. Bd2 Rd8 34. Be4 Bxb2+ 35. Kc2 Rxd2+ 36. Kxd2 Bxa3 37. Kd3 Bb4 38.
Ra1 a3 39. Bxb7 1/2-1/2

[Event "MTO"]
[Site "Biel SUI"]
[Date "2010.07.20"]
[Round "2"]
[White "Kosintseva,N"]
[Black "Duschek,V"]
[Result "1/2-1/2"]
[WhiteElo "2551"]
[BlackElo "2269"]
[EventDate "2010.07.19"]

1. e4 c5 2. Nf3 d6 3. d4 cxd4 4. Nxd4 Nf6 5. Nc3 a6 6. Bg5 e6 7. f4 b5 8.
e5 dxe5 9. fxe5 Qc7 10. exf6 Qe5+ 11. Be2 Qxg5 12. O-O Ra7 13. Qd3 Rd7 14.
Ne4 Qe5 15. Nf3 Qc7 16. Qe3 Bb7 17. c4 bxc4 18. Rac1 Bxe4 19. Qxe4 gxf6 20.
Rxc4 Qb6+ 21. Kh1 Bg7 22. Rc8+ Ke7 23. Rxh8 Bxh8 24. Qxh7 Qxb2 25. Bc4 f5
26. Bxe6 Kxe6 27. Ng5+ Kd5 28. Qxf5+ Kc6 29. Nxf7 Kc7 30. Nxh8 Qxh8 31.
Rc1+ Kb7 32. h3 Qd4 1/2-1/2

[Event "MTO"]
[Site "Biel SUI"]
[Date "2010.07.20"]
[Round "2"]
[White "Buchenau,F"]
[Black "Ulibin,M"]
[Result "0-1"]
[WhiteElo "2264"]
[BlackElo "2540"]
[EventDate "2010.07.19"]

1. e4 c5 2. g3 d5 3. exd5 Qxd5 4. Qf3 Nf6 5. Bg2 Qd8 6. Qe3 e6 7. Nf3 Nc6
8. O-O Be7 9. Na3 O-O 10. c3 Nd5 11. Qe2 b6 12. Nc2 Nc7 13. Rd1 Ba6 14. Qe4
Qd3 15. Qxc6 Qxc2 16. Re1 Nd5 17. Ne5 Rac8 18. Be4 Rxc6 19. Bxc2 Rc7 20. d3
Rd8 21. Bd2 f6 22. Ng4 h5 23. Ne3 Nxe3 24. Rxe3 e5 25. f4 c4 26. fxe5 cxd3
27. Bb3+ Kh7 28. exf6 Bc5 29. f7 Bc4 30. Bxc4 Bxe3+ 31. Bxe3 Rxc4 32. Rf1
Rf8 33. Rf5 Re4 34. Bf4 g6 35. Rd5 Re1+ 36. Kg2 Re2+ 37. Kf3 Rxf7 38. Rxd3
Rxh2 0-1